[Event "Tourn. n8310"]
[Site "www.chess-mail.com"]
[Date "2015.09.11"]
[Round "1"]
[White "Jjmcbride"]
[Black "Raulazo"]
[WhiteElo "1890"]
[BlackElo "1889"]
[Result "1-0"]
[Round "1"]
1.e4 e5
2.Ng1f3 Nb8c6
3.Bf1b5 Nc6d4
4.Nf3xe5 Nd4xb5
5.d4 c5
6.d5 Ng8f6
7.f3 Bf8d6
8.Ne5c4 Qd8e7
9.a4 Nb5c7
10.Nc4xd6 Qe7xd6
11.c4 b6
12.Nb1c3 Bc8b7
13.g3 O-O-O
14.Bc1f4 Qd6e7
15.Bf4xc7 Kxc7
16.d6 Qe7xd6
17.Nc3b5 Kc8
18.Nb5xd6 Kc7
19.Nd6xf7 Rh8e8
20.Qd1d6 Kc8
21.Nf7xd8 Kxd8
22.O-O-O Bb7c6
23.Rh1e1 Bc6xa4
24.Rd1d3 Re8e6
25.Qd6xe6 a5
26.Qe6xb6 Ke8
27.e5 Nf6g8
28.e6 Ng8e7
29.Qb6b8 Ne7c8
30.Qb8xc8 Ke7
31.exd7 { resign }
1-0

[Event "Tourn. n8364"]
[Site "www.chess-mail.com"]
[Date "2015.09.11"]
[Round "1"]
[White "Neo"]
[Black "Hdr"]
[WhiteElo "1780"]
[BlackElo "1640"]
[Result "1-0"]
[Round "1"]
1.d4 d5
2.e3 Ng8f6
3.g3 g6
4.Bf1g2 Bf8g7
5.Ng1f3 O-O
6.O-O c5
7.c3 Qd8b6
8.Nf3e5  { time }
1-0

[Event "Tourn. n8366"]
[Site "www.chess-mail.com"]
[Date "2015.09.11"]
[Round "1"]
[White "Guidom"]
[Black "Panham"]
[WhiteElo "2180"]
[BlackElo "2160"]
[Result "1/2-1/2"]
[Round "1"]
1.e4 e6
2.d4 d5
3.Nb1c3 Ng8f6
4.e5 Nf6d7
5.f4 c5
6.Bc1e3 Nb8c6
7.dxc5 Bf8xc5
8.Be3xc5 Nd7xc5
9.Ng1f3 O-O
10.Bf1e2 Qd8b6
11.Ra1b1 a5
12.a4 Qb6b4
13.Qd1d2 Nc5xa4
14.Nc3xa4 Qb4xa4
15.O-O Qa4b4
16.c3 Qb4e7
17.Be2d3 b6
18.Qd2e2 Bc8b7
19.Bd3xh7 Kxh7
20.Nf3g5 Kh6
21.Qe2g4 Rf8h8
22.Rf1f3 g6
23.b4 Kg7
24.b5 Nc6a7
25.Rf3d3 Na7xb5
26.Rb1xb5 Bb7a6
27.c4 Ba6xb5
28.cxb5 Qe7c5
29.Kf1 Qc5xb5
30.Ke2 Rh8xh2
31.Qg4g3 Ra8h8
32.Ng5f3 Rh2h1
33.Qg3g5 Qb5b1
34.Qg5f6 Kg8
35.Qf6d8 Kg7
36.Qd8f6 Kf8
37.Qf6d8 Kg7
38.Qd8f6 { draw }
1/2-1/2

[Event "Tourn. n8228"]
[Site "www.chess-mail.com"]
[Date "2015.09.11"]
[Round "1"]
[White "Dspillman"]
[Black "Pablincho"]
[WhiteElo "1610"]
[BlackElo "1650"]
[Result "0-1"]
[Round "1"]
1.e4 e6
2.Ng1f3 d6
3.e5 a6
4.b4 b6
5.c3 Bc8b7
6.Bf1e2 c5
7.Nb1a3 Nb8c6
8.d4 cxd4
9.cxd4 dxe5
10.Bc1d2 exd4
11.Be2d3 Nc6xb4
12.Bd3e2 Bf8c5
13.Qd1b3 Bb7d5
14.Be2c4 Nb4c6
15.Qb3d3 Bd5xf3
16.Qd3xf3 Nc6e5
17.Qf3e4 Bc5xa3
18.Qe4xe5 Qd8f6
19.Qe5e4 Ra8a7
20.Qe4c6 Ra7d7
21.O-O Ng8e7
22.Qc6xb6 O-O
23.Bc4xa6 Ne7d5
24.Qb6b3 Ba3d6
25.Ra1b1 Rf8b8
26.Qb3a4 Qf6h4
27.Rb1xb8 Bd6xb8
28.g3 Qh4e7
29.Bd2a5 e5
30.Rf1c1 Bb8c7
31.Ba6c8 Rd7d6
32.Bc8b7 Bc7xa5
33.Rc1c8 Ba5d8
34.Rc8b8 h6
35.Qa4b3 Nd5c3
36.a4 Kh7
37.Qb3c2 g6
38.Qc2b3 Rd6b6
39.Qb3c4 Rb6xb7
40.Rb8a8 Rb7a7
41.Ra8c8 Nc3xa4
42.Rc8c6 Na4c3
43.Qc4f1 Qe7b7
44.Rc6xc3 dxc3
45.f3 Ra7a2
46.h4 Qb7b2
47.g4 Qb2h2
{ resign }
0-1

[Event "Tourn. n8341"]
[Site "www.chess-mail.com"]
[Date "2015.09.11"]
[Round "1"]
[White "Gatrooper"]
[Black "Iko"]
[WhiteElo "1480"]
[BlackElo "1580"]
[Result "0-1"]
[Round "1"]
1.e4 e5
2.a3 Ng8f6
3.Nb1c3 b6
4.Ng1f3 d5
5.exd5 Nf6xd5
6.Nf3xe5 Bf8d6
7.Nc3xd5 Bd6xe5
8.Bf1c4 Bc8b7
9.Qd1f3 O-O
10.d3 Rf8e8
11.Nd5e3 Bb7xf3
12.gxf3 Qd8h4
13.Ne3f5 Be5xh2
14.Bc1e3 Qh4h3
15.Nf5d4 Qh3g2
16.O-O-O Re8e5
17.f4 Re5h5
18.Rh1e1 Nb8d7
19.Re1e2 c5
20.Nd4b5 a6
21.Nb5c7 Ra8c8
22.Nc7xa6 g5
23.fxg5 Rc8e8
24.Rd1e1 Qg2b7
25.a4 Nd7e5
26.Re1h1 Qb7xh1
27.Kd2 Ne5xc4
28.dxc4 Qh1a1
29.f4 Qa1xa4
30.Na6c7 Qa4d7
31.Nc7d5 Re8e4
32.Kc1 Bh2xf4
33.Nd5f6 Kg7
34.Nf6xd7 Bf4xe3
35.Kb1 Rh5h1
36.Ka2 Rh1h4
37.b3 Be3xg5
38.Re2g2 Re4g4
39.Rg2xg4 Rh4xg4
40.Nd7xb6 Rg4g2
41.Kb2 h5
42.Nb6d5 h4
43.Nd5b6 h3
44.Nb6d7 h2
{ resign }
0-1

[Event "Tourn. n8375"]
[Site "www.chess-mail.com"]
[Date "2015.09.11"]
[Round "1"]
[White "Estonia"]
[Black "Libiesse"]
[WhiteElo "2089"]
[BlackElo "2120"]
[Result "1-0"]
[Round "1"]
1.d4 d5
2.Ng1f3 e6
3.c4 Ng8f6
4.Nb1c3 Bf8e7
5.e3 O-O
6.Bf1d3 dxc4
7.Bd3xc4 c5
8.O-O cxd4
9.Nf3xd4 b6
10.Qd1f3 Nf6d5
11.Bc4xd5 exd5
12.Nc3xd5 Bc8b7
13.Nd5xe7 Qd8xe7
14.Qf3g3 Nb8d7
15.b3 Nd7f6
16.Nd4f5 { resign }
1-0

[Event "Tourn. n8373"]
[Site "www.chess-mail.com"]
[Date "2015.09.11"]
[Round "1"]
[White "Xkafi"]
[Black "Madz123456"]
[WhiteElo "2090"]
[BlackElo "2220"]
[Result "0-1"]
[Round "1"]
1.e4 c5
2.Bf1c4 e6
3.Ng1f3 Nb8c6
4.c3 d5
5.exd5 exd5
6.Bc4b5 Ng8f6
7.O-O Bf8e7
8.Nf3e5 Qd8c7
9.f4 O-O
10.h3 Nc6xe5
11.fxe5 Qc7xe5
12.d3 Qe5c7
13.Qd1f3 Qc7a5
14.Nb1a3 a6
15.Rf1e1 Bc8e6
16.Bc1g5 axb5
17.Re1e3 b4
18.cxb4 Qa5xb4
19.Re3e2 Ra8xa3
20.bxa3 Qb4d4
21.Kf1 Qd4xa1
22.Kf2 Nf6g4
23.hxg4 Be7xg5
{ resign }
0-1

[Event "Tourn. n8319"]
[Site "www.chess-mail.com"]
[Date "2015.09.11"]
[Round "1"]
[White "Cl3537"]
[Black "Gatrooper"]
[WhiteElo "1440"]
[BlackElo "1460"]
[Result "0-1"]
[Round "1"]
1.e4 e5
2.Ng1f3 Nb8c6
3.Nb1c3 Ng8f6
4.d3 d6
5.Bc1e3 a6
6.Bf1e2 Nf6g4
7.O-O Nc6d4
8.Nf3xd4 exd4
9.Be3xd4 Qd8h4
10.Be2xg4 Bc8xg4
11.f3 Bg4e6
12.Qd1e1 Qh4g5
13.Qe1c1 Qg5g6
14.b3 Be6h3
15.Kf2 Qg6xg2
16.Ke3 O-O-O
17.a4 Qg2g5
18.Ke2 Qg5g2
19.Kd1 Qg2xf1
20.Kd2 Qf1g2
21.Ke3 Bf8e7
22.Nc3d5 Be7g5
23.f4 Bg5h4
24.c4 Qg2f2

0-1

[Event "Tourn. n8386"]
[Site "www.chess-mail.com"]
[Date "2015.09.11"]
[Round "1"]
[White "Amaya"]
[Black "Culiflori"]
[WhiteElo "1990"]
[BlackElo "2010"]
[Result "1-0"]
[Round "1"]
1.d4 Ng8f6
2.e3 d5
3.Bf1d3 e6
4.Nb1d2 c5
5.c3 Nb8c6
6.f4 Bf8d6
7.Ng1f3 O-O
8.O-O Bc8d7
9.Nf3e5 Qd8c7
10.Qd1f3 Ra8c8
11.a3 a6
12.g4 cxd4
13.exd4 Bd6xe5
14.fxe5 Nf6e8
15.Qf3h3 g6
16.Qh3h6 Ne8g7
17.Nd2f3 f5
18.Nf3g5 { resign }
1-0

[Event "Match"]
[Site "www.echecsemail.com"]
[Date "2015.09.11"]
[Round "1"]
[White "Darko10"]
[Black "Ostapbender"]
[WhiteElo "2420"]
[BlackElo "2710"]
[Result "0-1"]
[Round "1"]
1.e4 e6
2.d4 d5
3.Nb1c3 Bf8b4
4.e5 Qd8d7
5.Qd1g4 f5
6.Qg4g3 b6
7.Ng1f3 h6
8.Bc1d2 Bc8a6
9.Bf1xa6 Nb8xa6
10.O-O-O Bb4xc3
11.Bd2xc3 Qd7f7
12.Nf3h4 Ng8e7
13.Qg3d3 Na6b8
14.Nh4f3 a5
15.h4 Nb8d7
16.h5 O-O
17.Qd3b5 c6
18.Qb5e2 c5
19.Qe2b5 Ra8a7
20.Kb1 Rf8c8
21.Rh1h4 Ne7c6
22.a3 c4
23.Bc3d2 Ra7b7
24.Rd1g1 Nc6a7
25.Qb5a4 Nd7b8
26.c3 b5
27.Qa4d1 b4
28.a4 b3
29.Bd2xh6 Qf7e8
30.Kc1 Qe8xa4
31.Kd2 Qa4a2
32.Qd1a1 a4
33.Bh6g5 a3
34.Rg1b1 Na7b5
35.Rh4h1 Rb7a7
36.h6 gxh6
37.Rh1xh6 axb2
38.Qa1xb2 Nb8d7
39.Bg5f6 Nb5xc3
40.Rh6h8 Kf7
41.Qb2xa2 Nc3e4
42.Kc1 Ra7xa2
43.Rh8xc8 Ra2c2
44.Kd1 Nd7xf6
45.Rc8c7 Nf6d7
46.Rb1xb3 cxb3
47.Rc7xc2 bxc2
48.Kxc2 Ne4xf2
49.Nf3g5 Ke7
50.Ng5f3 Nf2e4
51.Nf3e1 Nd7b8
52.Kd3 Nb8c6
53.Ne1f3 Kf7
54.Ke3 Kg6
55.Kf4 Kh5
{ resign }
0-1

[Event "Match"]
[Site "www.echecsemail.com"]
[Date "2015.09.11"]
[Round "1"]
[White "Gatrooper"]
[Black "Daquata"]
[WhiteElo "1450"]
[BlackElo "1660"]
[Result "0-1"]
[Round "1"]
1.e4 e5
2.a3 Ng8f6
3.Nb1c3 Nb8c6
4.Ng1f3 d6
5.d3 Bf8e7
6.Bc1d2 Bc8g4
7.Bf1e2 O-O
8.Nf3g5 Bg4xe2
9.Qd1xe2 Nc6d4
10.Qe2d1 h6
11.Ng5f3 c5
12.Nf3xd4 cxd4
13.Nc3e2 Qd8b6
14.b4 d5
15.exd5 Nf6xd5
16.c4 Nd5f6
17.c5 Qb6b5
18.O-O Qb5xd3
19.Ne2c1 Qd3g6
20.Nc1e2 Rf8e8
21.Ne2g3 Nf6e4
22.Qd1e1 Ne4xd2
23.Qe1xd2 Ra8d8
24.Ra1e1 Be7f6
25.Ng3e4 Bf6e7
26.Ne4g3 Be7g5
27.Qd2e2 d3
28.Qe2f3 d2
29.Re1d1 e4
30.Qf3e2 Rd8d3
31.f4 Bg5h4
32.Rd1xd2 Rd3xa3
33.Rd2d7 Bh4xg3
34.hxg3 Ra3xg3
35.f5 Qg6c6
36.Rf1d1 Rg3b3
37.Qe2g4 e3
38.f6 Qc6xf6
39.Rd1f1 Qf6e6
40.Qg4d4 e2
41.Rf1e1 Qe6e3
42.Qd4xe3 Re8xe3
43.Rd7d8 Kh7
44.Rd8d2 Rb3xb4
45.Rd2xe2 Re3xe2
46.Re1xe2 Rb4c4
47.Re2e5 a5
48.Kf2 a4
49.Re5e3 Rc4xc5
50.Re3a3 b5
51.g4 Rc5c4
52.Kg3 Rc4b4
53.Kf2 Rb4xg4
54.Kf3 Rg4b4
55.Kg2 Rb4b3
56.Ra3a2 a3
57.Kh1 Rb3b1
58.Kh2 Rb1b2
59.Ra2xb2 axb2
{ resign }
0-1

[Event "Match"]
[Site "www.echecsemail.com"]
[Date "2015.09.11"]
[Round "1"]
[White "Huw"]
[Black "Drdoom"]
[WhiteElo "999"]
[BlackElo "1740"]
[Result "1-0"]
[Round "1"]
1.d4 e6
2.c4 d5
3.Ng1f3 c5
4.cxd5 exd5
5.g3 Nb8c6
6.Bf1g2 h6
7.O-O Bc8e6
8.e3 Qd8c8
9.dxc5 Bf8xc5
10.Nb1c3 Ng8f6
11.a3 O-O
12.b4 Bc5d6
13.Bc1b2 b6
14.Ra1c1 Qc8d7
15.Nc3b5 Bd6e7
16.Nf3d4 Nc6xd4
17.Nb5xd4 Be6h3
18.Nd4c6 Bh3xg2
19.Nc6xe7 Qd7xe7
20.Kxg2 Qe7e4
21.Qd1f3 Qe4e6
22.Bb2xf6 gxf6
23.Rf1d1 Rf8d8
24.Rd1d4 f5
25.Rc1d1 Ra8c8
26.Rd4xd5 Rd8xd5
27.Rd1xd5 f4
28.exf4 Rc8c1
29.Rd5e5 Qe6d7
30.Qf3h5 Kh7
31.Re5d5 Qd7e7
32.Qh5f5 Kg7
33.Rd5d7 Qe7e6
34.Qf5xe6 { resign }
1-0

[Event "Match"]
[Site "www.echecsemail.com"]
[Date "2015.09.11"]
[Round "1"]
[White "Nugun"]
[Black "Drdoom"]
[WhiteElo "1680"]
[BlackElo "1760"]
[Result "0-1"]
[Round "1"]
1.c4 d5
2.e3 e5
3.d4 e4
4.g3 c6
5.cxd5 cxd5
6.Ng1e2 Bc8e6
7.Bf1g2 Ng8f6
8.Ne2f4 Be6d7
9.O-O Bf8d6
10.Nb1c3 Bd6xf4
11.exf4 Nb8c6
12.b3 Qd8c8
13.f3 Bd7h3
14.Qd1e2 Bh3xg2
15.Kxg2 Nc6xd4
16.Nc3xd5 Nd4xe2
17.Bc1a3 Nf6xd5
18.fxe4 Nd5c3
19.Ba3b2 O-O
20.Rf1e1 Qc8c6
21.Bb2xc3 Ne2xc3
{ resign }
0-1

[Event "1/128 Finale"]
[Site "www.chess-mail.com"]
[Date "2015.09.11"]
[Round "1"]
[White "Bevittsmith"]
[Black "Attatroll"]
[WhiteElo "2250"]
[BlackElo "1900"]
[Result "1-0"]
[Round "1"]
1.e4 e5
2.Ng1f3 f5
3.d4 fxe4
4.Nf3xe5 Ng8f6
5.Bf1e2 d6
6.Ne5c4 Bf8e7
7.d5 O-O
8.Nc4e3 Bc8d7
9.c4 Nb8a6
10.Nb1c3 Na6c5
11.O-O b6
12.b4 Nc5b7
13.Bc1b2 a5
14.a3 axb4
15.axb4 Ra8xa1
16.Bb2xa1 c5
17.b5 Nb7a5
18.Qd1c2 Qd8c8
19.Nc3xe4 Nf6xe4
20.Qc2xe4 Qc8e8
21.Ba1c3 Na5b3
22.Rf1b1 Nb3d4
23.Bc3xd4 cxd4
24.Qe4xd4 Be7f6
25.Qd4xb6 Bd7f5
26.Ne3xf5 Qe8xe2
27.Qb6e3 Qe2c2
28.Qe3e6 Rf8f7
29.Rb1e1 Bf6e7
30.Nf5xe7 { resign }
1-0

[Event "1/64 Finale"]
[Site "www.chess-mail.com"]
[Date "2015.09.11"]
[Round "1"]
[White "Madz123456"]
[Black "Hdr"]
[WhiteElo "2220"]
[BlackElo "1640"]
[Result "1-0"]
[Round "1"]
1.e4 c5
2.Ng1f3 e6
3.d4 cxd4
4.Nf3xd4 Bf8c5
5.Nd4b3 Bc5b6
6.Nb1c3 Ng8e7
7.Qd1h5 O-O
8.Bc1g5  { time }
1-0

[Event "1/128 Finale"]
[Site "www.chess-mail.com"]
[Date "2015.09.11"]
[Round "1"]
[White "Gatrooper"]
[Black "Aggiesam"]
[WhiteElo "1500"]
[BlackElo "1430"]
[Result "0-1"]
[Round "1"]
1.e4 e5
2.a3 Qd8f6
3.f3 Bf8c5
4.d3 Qf6b6
5.Nb1c3 Bc5f2
6.Ke2 Bf2xg1
7.Nc3d5 Qb6f2

0-1

[Event "Fast Game"]
[Site "www.echecsemail.com"]
[Date "2015.09.11"]
[Round "1"]
[White "Mitja"]
[Black "Attatroll"]
[WhiteElo "1730"]
[BlackElo "1760"]
[Result "0-1"]
[Round "1"]
1.d4 f5
2.e3 Ng8f6
3.Ng1f3 g6
4.c3 Bf8g7
5.Nb1a3 O-O
6.Bf1e2 d6
7.O-O Nb8c6
8.Qd1b3 Kh8
9.Nf3g5 Qd8e8
10.Be2c4 Nc6a5
11.Ng5f7 Rf8xf7
12.Bc4xf7 Na5xb3
13.Bf7xe8 Nb3xa1
14.Be8a4 Bc8e6
15.f3 Be6xa2
16.b4 Ba2b3
17.Ba4xb3 Na1xb3
18.Bc1b2 a5
{ resign }
0-1

[Event "Tourn. n8381"]
[Site "www.chess-mail.com"]
[Date "2015.09.12"]
[Round "1"]
[White "Gatrooper"]
[Black "Daquata"]
[WhiteElo "1450"]
[BlackElo "1660"]
[Result "0-1"]
[Round "1"]
1.e4 c5
2.c4 Nb8c6
3.Ng1f3 d6
4.Nb1c3 Ng8f6
5.d3 g6
6.h3 Bf8g7
7.a3 O-O
8.Bc1g5 h6
9.Bg5xf6 Bg7xf6
10.Nc3d5 Bf6xb2
11.Ra1b1 Bb2xa3
12.Bf1e2 e6
13.Nd5f4 Ba3b4
14.Kf1 a5
15.g3 a4
16.Rb1a1 a3
17.Qd1c2 Qd8f6
18.Kg2 Nc6d4
19.Nf3xd4 Qf6xd4
20.Be2f3 Bc8d7
21.Nf4e2 Qd4f6
22.Ne2f4 Bd7a4
23.Qc2e2 Ba4b3
24.Qe2e3 a2
25.Bf3d1 Bb3xd1
26.Rh1xd1 Bb4c3
27.Ra1xa2 Ra8xa2
28.Rd1f1 Bc3d4
29.Qe3f3 g5
30.Nf4h5 Qf6xf3
31.Kxf3 f5
32.exf5 Rf8xf5
33.Kg2 Ra2xf2
34.Rf1xf2 Rf5xf2
35.Kg1 Rf2d2
36.Kf1 Rd2xd3
37.Ke2 Rd3c3
38.g4 Bd4e5
39.Kd2 Rc3xh3
40.Kc2 Rh3c3
41.Kd2 Rc3xc4
42.Kd3 Rc4xg4
43.Ke3 Rg4h4
44.Kf3 Rh4xh5
45.Kg4 Rh5h4
46.Kf3 c4
47.Ke2 Rh4d4
48.Ke1 c3
{ resign }
0-1

[Event "Tourn. n8353"]
[Site "www.chess-mail.com"]
[Date "2015.09.12"]
[Round "1"]
[White "Iko"]
[Black "Hansen"]
[WhiteElo "1580"]
[BlackElo "1530"]
[Result "1-0"]
[Round "1"]
1.e4 d5
2.Nb1c3 d4
3.Nc3d5 c6
4.Nd5f4 g5
5.Nf4h5 Ng8h6
6.Ng1h3 Bc8g4
7.f3 Bg4xh5
8.Nh3xg5 Rh8g8
9.Ng5xh7 f5
10.exf5 Nh6xf5
11.g4 Nf5g7
12.gxh5 Ng7xh5
13.Nh7xf8 Rg8xf8
14.Qd1e2 Nh5f4
15.Qe2e4 a5
16.d3 Nb8a6
17.Bc1xf4 Na6c5
18.Qe4g6 Kd7
19.Bf1h3 e6
20.O-O-O Rf8xf4
21.Rh1e1 Rf4xf3
22.Bh3xe6 Kc7
23.Qg6f7 Rf3xf7
24.Be6xf7 b5
25.Rd1d2 a4
26.Re1e8 Qd8f6
27.Re8xa8 Qf6xf7
28.b4 Nc5e6
29.Ra8a7 Kd6
30.Ra7xf7 Ne6g5
31.Rd2f2 c5
32.Rf7f5 Ng5h3
33.bxc5 Kc6
34.Rf2g2 b4
35.Rg2g6 Kd7
36.Rf5f7 Ke8
37.Rf7h7 Nh3f4
38.Rg6g8 { resign }
1-0

[Event "Tourn. n8342"]
[Site "www.chess-mail.com"]
[Date "2015.09.12"]
[Round "1"]
[White "Panham"]
[Black "Cobramanca"]
[WhiteElo "2100"]
[BlackElo "2270"]
[Result "0-1"]
[Round "1"]
1.d4 d5
2.c4 dxc4
3.Ng1f3 Ng8f6
4.e3 e6
5.Bf1xc4 c5
6.O-O a6
7.Nb1c3 b5
8.Bc4e2 Bc8b7
9.dxc5 Bf8xc5
10.Qd1xd8 Kxd8
11.a3 Ke7
12.b4 Bc5d6
13.Bc1b2 Rh8d8
14.Ra1d1 Nb8d7
15.Nf3g5 Nd7b6
16.Be2f3 Bb7xf3
17.Ng5xf3 Nb6c4
18.Bb2c1 Ra8c8
19.Nc3e2 Nf6e4
20.Rd1d4 f5
21.Nf3d2 Ne4xd2
22.Bc1xd2 Nc4xd2
23.Rf1d1 Nd2c4
24.g3 Bd6e5
25.Rd4d3 Rd8xd3
26.Rd1xd3 Be5b2
{ resign }
0-1

[Event "Tourn. n8336"]
[Site "www.chess-mail.com"]
[Date "2015.09.12"]
[Round "1"]
[White "Numanoid"]
[Black "Julianlore"]
[WhiteElo "2500"]
[BlackElo "2560"]
[Result "1-0"]
[Round "1"]
1.e4 c5
2.Ng1f3 Nb8c6
3.d4 cxd4
4.Nf3xd4 e6
5.Nb1c3 a6
6.Nd4xc6 bxc6
7.Bf1d3 d5
8.O-O Ng8f6
9.Qd1e2 Bf8e7
10.b3 O-O
11.Bc1b2 Bc8b7
12.Nc3a4 Qd8c7
13.e5 Nf6d7
14.c4 Nd7b6
15.cxd5 Nb6xd5
16.Bd3e4 c5
17.Ra1c1 Ra8d8
18.g3 Nd5b4
19.Be4xb7 Qc7xb7
20.Na4xc5 Qb7b6
21.Nc5e4 Nb4xa2
22.Rc1c4 Qb6xb3
23.Ne4f6 Kh8
24.Rc4h4 Be7xf6
25.exf6 g6
26.Bb2e5 Rd8d5
27.Qe2e4 Rd5d1
28.Rf1xd1 Qb3xd1
29.Kg2 h5
30.Qe4f4 Kh7
31.Qf4g5 Rf8d8
32.g4 Qd1d2
33.Rh4xh5 Kg8
34.Be5f4 Qd2d5
35.Qg5xd5 Rd8xd5
36.Rh5xd5 exd5
37.Bf4d2 d4
38.f4 Na2c3
39.Kf3 { resign }
1-0

[Event "Tourn. n8336"]
[Site "www.chess-mail.com"]
[Date "2015.09.12"]
[Round "1"]
[White "Sonivano"]
[Black "Julianlore"]
[WhiteElo "2320"]
[BlackElo "2560"]
[Result "1/2-1/2"]
[Round "1"]
1.e4 c5
2.Ng1f3 Nb8c6
3.d4 cxd4
4.Nf3xd4 e6
5.Bc1e3 Ng8f6
6.Nb1d2 Bf8e7
7.Bf1e2 d5
8.exd5 Nf6xd5
9.Nd2f3 Nd5xe3
10.fxe3 Bc8d7
11.O-O O-O
12.Kh1 a6
13.Be2d3 Qd8c7
14.Nd4xc6 Bd7xc6
15.Nf3d4 Bc6d7
16.Rf1f3 g6
17.Rf3f2 e5
18.Nd4f3 Bd7e6
19.e4 Rf8d8
20.Qd1e2 Ra8c8
21.a3 Qc7b6
22.b4 f6
23.Rf2f1 a5
24.bxa5 Qb6xa5
{ draw }
1/2-1/2

[Event "Match"]
[Site "www.echecsemail.com"]
[Date "2015.09.12"]
[Round "1"]
[White "Joseph1983"]
[Black "Irene"]
[WhiteElo "2220"]
[BlackElo "1970"]
[Result "0-1"]
[Round "1"]
1.g3 d5
2.Bf1g2 Ng8f6
3.d4 g6
4.Ng1f3 Nb8c6
5.O-O Bf8g7
6.Nb1c3 Nf6e4
7.Bc1f4 Bc8g4
8.h3 Bg4e6
9.Nf3e5 Ne4xc3
10.Ne5xc6 Nc3xe2
11.Qd1xe2 bxc6
12.Bf4e5 O-O
13.Be5xg7 Kxg7
14.Qe2e5 Kg8
15.Ra1e1 Ra8b8
16.b3 Rb8b4
17.c3 Rb4b6
18.f4 Qd8d6
19.Qe5e3 Rf8e8
20.g4 Rb6a6
21.f5 Be6d7
22.f6 exf6
23.Qe3d2 Re8xe1
24.Rf1xe1 Qd6g3
25.Re1e7 Qg3d6
26.Re7e1 Bd7e6
27.Qd2f2 Qd6d8
28.Bg2f1 Ra6b6
29.Bf1d3 Rb6b8
 { time }
0-1

[Event "Match"]
[Site "www.echecsemail.com"]
[Date "2015.09.12"]
[Round "1"]
[White "Lixuschess"]
[Black "Bojan"]
[WhiteElo "1499"]
[BlackElo "1920"]
[Result "0-1"]
[Round "1"]
1.d4 g6
2.Ng1f3 Bf8g7
3.e3 Ng8f6
4.Bf1d3 d5
5.O-O h6
6.b3 Nf6e4
7.Nb1d2 Bc8f5
8.Bc1b2 g5
9.Nd2xe4 dxe4
10.Nf3xg5 exd3
11.cxd3 hxg5
12.e4 Bf5g6
13.Ra1c1 Nb8c6
14.Qd1g4 e6
15.f4 gxf4
16.e5 Nc6xd4
17.Qg4xf4 Nd4e2
{ resign }
0-1

[Event "Match"]
[Site "www.echecsemail.com"]
[Date "2015.09.12"]
[Round "1"]
[White "Nationadmire"]
[Black "Jhw"]
[WhiteElo "1809"]
[BlackElo "2410"]
[Result "0-1"]
[Round "1"]
1.e4 c5
2.Nb1c3 a6
3.f4 e6
4.Ng1f3 b5
5.d4 Qd8b6
6.Bc1e3 Bc8b7
7.Bf1d3 c4
8.Bd3e2 Bf8b4
9.e5 Ng8e7
10.Qd1d2 Ne7d5
 { time }
0-1

[Event "Match"]
[Site "www.echecsemail.com"]
[Date "2015.09.12"]
[Round "1"]
[White "Llord"]
[Black "Coraza8091"]
[WhiteElo "1880"]
[BlackElo "1499"]
[Result "1-0"]
[Round "1"]
1.e4 e5
2.Ng1f3 Nb8c6
3.Bf1c4 h6
4.O-O Ng8f6
5.Nb1c3 Bf8c5
6.d3 b6
7.Nc3d5 Bc8b7
8.Nd5xf6 gxf6
9.Nf3h4 Nc6e7
10.Qd1h5 Rh8h7
11.Nh4f5 Ne7xf5
12.Qh5xf5 Rh7g7
13.Bc1xh6 Rg7g6
14.Qf5h5 d5
15.exd5 Bb7xd5
16.Bh6e3 Bd5xg2
17.Qh5h8 Bc5f8
18.f3 Bg2xf1
19.Kxf1 Qd8d6
20.Qh8h5 c6
21.a4 O-O-O
22.a5 Qd6c7
23.axb6 axb6
24.Bc4a6 Kd7
25.Ba6c4 Ke8
26.b4 b5
27.Ra1a7 Qc7d6
28.Bc4xf7 
1-0

[Event "Match"]
[Site "www.echecsemail.com"]
[Date "2015.09.12"]
[Round "1"]
[White "Raulazo"]
[Black "Wwgia"]
[WhiteElo "1889"]
[BlackElo "2040"]
[Result "0-1"]
[Round "1"]
1.e4 c5
2.Bf1c4 g6
3.Ng1f3 Bf8g7
4.Nf3g5 e6
5.d3 Ng8e7
6.Qd1f3 O-O
7.Qf3h3 h6
8.Ng5f3 d5
9.Bc4b3 c4
10.dxc4 dxe4
11.Nf3d2 e5
12.Qh3e3 f5
13.Nb1c3 Nb8c6
14.c5 Kh7
15.Nd2f1 Nc6d4
16.Qe3d2 Bc8d7
17.Bb3d5 Ne7xd5
18.Nc3xd5 Bd7c6
19.Nd5c3 f4
20.b3 Qd8e7
21.Bc1b2 Ra8d8
22.Qd2c1 Qe7h4
23.Bb2a3 e3
24.g3 exf2
25.Kxf2 fxg3
26.Kg1 g2
27.Nf1g3 Qh4xg3
28.hxg3 gxh1R

0-1

[Event "Match"]
[Site "www.echecsemail.com"]
[Date "2015.09.12"]
[Round "1"]
[White "Jacks"]
[Black "Nimzo"]
[WhiteElo "2870"]
[BlackElo "2710"]
[Result "1/2-1/2"]
[Round "1"]
1.e4 e6
2.d4 d5
3.Nb1c3 Ng8f6
4.e5 Nf6d7
5.f4 c5
6.Ng1f3 Nb8c6
7.Bc1e3 a6
8.Qd1d2 Bf8e7
9.dxc5 Nd7xc5
10.O-O-O Qd8a5
11.Kb1 b5
12.Nc3e2 Qa5xd2
13.Nf3xd2 O-O
14.Ne2d4 Bc8d7
15.g4 Nc6xd4
16.Be3xd4 a5
17.c3 Ra8b8
18.Rd1c1 Rf8c8
19.Bf1e2 h6
20.Rh1f1 b4
21.cxb4 Rb8xb4
22.Bd4c3 Rb4b8
23.Bc3xa5 Bd7b5
24.Be2xb5 Rb8xb5
25.b4 Rc8a8
26.Kc2 Nc5d7
27.a3 g5
28.Nd2f3 gxf4
29.Kd1 Be7c5
30.bxc5 Rb5xa5
31.c6 Nd7b6
32.Nf3d2 Ra5xa3
33.Rf1xf4 Ra8c8
34.Ke2 Ra3a2
35.Ke3 Ra2a7
36.Rf4b4 Ra7a6
37.h4 Nb6c4
38.Nd2xc4 Ra6xc6
39.Kd3 { draw }
1/2-1/2

[Event "Match"]
[Site "www.echecsemail.com"]
[Date "2015.09.12"]
[Round "1"]
[White "Whitekknight"]
[Black "Pariolinius"]
[WhiteElo "1910"]
[BlackElo "1980"]
[Result "1-0"]
[Round "1"]
1.e4 c5
2.Ng1f3 d6
3.Bf1c4 e6
4.Nb1c3 Nb8c6
5.O-O Bf8e7
6.a3 Ng8f6
7.Rf1e1 O-O
8.d3 Bc8d7
9.Bc1e3 a6
10.Qd1d2 b5
11.Bc4a2 Qd8c7
12.d4 c4
13.d5 Nc6e5
14.dxe6 Ne5xf3
15.gxf3 Bd7xe6
16.Be3f4 Qc7c5
17.Bf4e3 Qc5h5
18.Kf1 Qh5xh2
19.Ke2 Nf6g4
20.Kd1 Ng4xe3
21.Qd2xe3 h6
22.Nc3e2 Be7g5
23.f4 Bg5h4
24.Ne2g3 Be6g4
25.Kd2 Bh4xg3
26.Qe3xg3 Qh2xg3
27.fxg3 Ra8d8
28.a4 d5
29.exd5 Rd8xd5
30.Kc3 Rf8d8
31.b3 Bg4e6
32.bxc4 Rd5c5
33.Kb4 Rc5c6
34.axb5 Rc6b6
35.Ba2b3 axb5
36.cxb5 Be6d7
37.c4 Rd8b8
38.Bb3c2 Rb6d6
39.c5 Rb8xb5
40.Kc4 Rd6d2
41.Ra1a8 { resign }
1-0

[Event "Match"]
[Site "www.echecsemail.com"]
[Date "2015.09.12"]
[Round "1"]
[White "Pinehill"]
[Black "Castletyme"]
[WhiteElo "1850"]
[BlackElo "1840"]
[Result "1-0"]
[Round "1"]
1.e4 e6
2.d4 d5
3.Nb1d2 dxe4
4.Nd2xe4 Ng8f6
5.Bc1g5 Bf8e7
6.Bf1d3 Nf6xe4
7.Bg5xe7 Qd8xe7
8.Bd3xe4 O-O
9.Ng1f3 Qe7b4
10.Qd1d2 Qb4xb2
11.O-O c6
12.Rf1b1 Qb2a3
13.c4 Qa3e7
14.Rb1e1 Nb8d7
15.d5 cxd5
16.Be4xd5 Qe7f6
17.Bd5xb7 Bc8xb7
18.Qd2xd7 Bb7xf3
19.gxf3 Qf6xf3
20.c5 Rf8d8
21.Qd7b5 Rd8d2
22.Re1f1 Qf3d5
23.Ra1b1 g6
24.Qb5b7  { time }
1-0

[Event "1/128 Finale"]
[Site "www.chess-mail.com"]
[Date "2015.09.12"]
[Round "1"]
[White "Llord"]
[Black "Huw"]
[WhiteElo "1880"]
[BlackElo "999"]
[Result "0-1"]
[Round "1"]
1.e4 e5
2.Ng1f3 Nb8c6
3.Bf1c4 Bf8c5
4.d3 Ng8f6
5.O-O O-O
6.Bc1g5 d6
7.Nb1c3 h6
8.Bg5h4 Bc8g4
9.h3 Bg4xf3
10.Qd1xf3 Nc6d4
11.Qf3d1 c6
12.Nc3e2 Nd4e6
13.Ne2g3 d5
14.exd5 cxd5
15.Bc4b3 Ne6g5
16.Ng3f5 Qd8d7
17.Nf5e3 Ng5h7
18.Qd1f3 e4
19.dxe4 dxe4
20.Qf3e2 b5
21.Ra1d1 Qd7c6
22.Ne3f5 a5
23.a3 Rf8d8
24.Rd1xd8 Ra8xd8
25.Bb3a2 Qc6c8
26.g4 Rd8e8
27.Qe2xb5 Re8e5
28.Qb5c4 Qc8d7
29.c3 Nh7g5
30.Bh4g3 Re5xf5
31.gxf5 Qd7xf5
32.h4 Qf5h3
33.hxg5 Qh3xg3
34.Kh1 Qg3h4
35.Kg1 Qh4xg5
36.Kh2 Bc5d6
37.Kh1 Qg5h4
{ resign }
0-1

[Event "Eq:Slap Shot Mates-CONFOEDERATIONIS HELVETICAE : "]
[Site "www.chess-mail.com"]
[Date "2015.09.12"]
[Round "1"]
[White "Echo314"]
[Black "Jacks"]
[WhiteElo "2750"]
[BlackElo "2850"]
[Result "1/2-1/2"]
[Round "1"]
1.e4 e5
2.Ng1f3 Nb8c6
3.Bf1b5 Ng8f6
4.d3 d6
5.c3 Bf8e7
6.O-O O-O
7.h3 a6
8.Bb5a4 b5
9.Ba4c2 d5
10.Nb1d2 dxe4
{ draw }
1/2-1/2

[Event "Tourn. n8264"]
[Site "www.chess-mail.com"]
[Date "2015.09.13"]
[Round "1"]
[White "Ostapbender"]
[Black "Nimzo"]
[WhiteElo "2710"]
[BlackElo "2720"]
[Result "1/2-1/2"]
[Round "1"]
1.e4 e6
2.d4 d5
3.e5 c5
4.c3 Qd8b6
5.Ng1f3 Nb8c6
6.a3 Ng8h6
7.b4 cxd4
8.Bc1xh6 gxh6
9.cxd4 Bc8d7
10.Ra1a2 Rh8g8
11.g3 Rg8g4
12.Ra2d2 a5
13.b5 Nc6a7
14.Bf1d3 Na7xb5
15.Rd2b2 a4
16.O-O Qb6a5
17.h3 Rg4e4
18.Qd1c1 Bd7c6
19.Rf1d1 Nb5xa3
20.Nb1c3 Bf8b4
21.Nc3a2 Bb4e7
22.Qc1xh6 Na3c4
23.Rb2c2 a3
24.Rd1c1 Nc4b2
25.Bd3f1 Qa5b6
26.Qh6xh7 Kd7
27.h4 Re4xd4
28.Nf3xd4 Qb6xd4
29.Qh7xf7 Ra8f8
30.Qf7h7 Rf8f3
31.Kg2 Rf3f5
32.Bf1b5 Nb2d3
33.Bb5xd3 Qd4xd3
34.Kh3 Qd3f3
35.Rc2c3 Qf3e2
36.Rc3c2 Qe2f3
37.Rc2c3 Qf3e2
{ draw }
1/2-1/2